00000000nam 2200000zi 4500
0019.915237
003CaOODSP
00520230608133749
006m     o  d f      
007cr |n|||||||||
008220908t20222022onca    o    f000 0 eng d
020 |a9780660453934
040 |aCaOODSP|beng|erda|cCaOODSP
043 |an-cn---
0861 |aNR16-402/2022E-PDF
24500|aSustainable protein production : |bcluster support program.
264 1|a[Ottawa] : |bNational Research Council Canada = Conseil national de recherches Canada, |c[2022]
264 4|c©2022
300 |a1 online resource (2 unnumbered pages) : |bcolour illustrations
336 |atext|btxt|2rdacontent
337 |acomputer|bc|2rdamedia
338 |aonline resource|bcr|2rdacarrier
500 |aIssued also in French under title: Programme production durable de protéines : programme de soutien aux grappes.
650 0|aPlant proteins as food|zCanada.
650 0|aPlant proteins|xResearch|zCanada.
7102 |aNational Research Council Canada, |eissuing body.
77508|tProgramme production durable de protéines : |w(CaOODSP)9.915236
7760#|tSustainable protein production : |w(CaOODSP)9.923685
85640|qPDF|s449 KB|uhttps://publications.gc.ca/collections/collection_2023/cnrc-nrc/NR16-402-2022-eng.pdf